| 000 | 00368nam a2200145Ia 4500 | ||
|---|---|---|---|
| 008 | 230917s9999||||xx |||||||||||||| ||und|| | ||
| 040 |
_e66532 _aMAIN |
||
| 041 | _aEnglish | ||
| 082 | _a668.4237 E19E | ||
| 100 | _aNass, Leonard I, ed | ||
| 245 | 0 | _aEncyclopedia of pvc, v3 | |
| 260 |
_aNew York _bMarcel Dekker _c1977 |
||
| 300 | _axiii, 1251-1861 p. | ||
| 942 | _cBK | ||
| 999 |
_c197616 _d197616 |
||